000 00809nam a22002295i 4500
001 176304
003 ES-MaACL
005 20231103062537.0
008 110107s1971 sp |||| | spa d
080 _a94(44)"1789/1799"
100 1 _aCobban, Alfred.
_939335
245 1 3 _aLa interpretación social de la Revolución Francesa /
_cAlfred Cobban ; [traducción de Agustín Gil Lasierra].
260 _aMadrid :
_bNarcea,
_cD. L. 1971.
300 _a221 p. ;
_c18 cm.
490 1 _aBitácora. Biblioteca del estudiante ;
_v18
500 _aÍndice.
651 4 _aFrancia-
_xHistoria-
_y1789-1799, Revolución
_98685
700 1 _aGil Lasierra, Agustín.
_956831
830 0 _aBitácora. Biblioteca del estudiante ;
_v18
_9181903
852 _aES-MaACL
_jE-13950
_xOlim P-1892
999 _c176304
_d176304